| 000 | 00727nam a22001937a 4500 | ||
|---|---|---|---|
| 003 | OSt | ||
| 005 | 20220922212838.0 | ||
| 008 | 220922b |||||||| |||| 00| 0 eng d | ||
| 040 | _cBiblioteca Lado V | ||
| 082 |
_a702.81 _bIN59c |
||
| 110 |
_918 _aInstituto de Relaciones Culturales con el exterior y el autor |
||
| 245 |
_aPrincipio Collage/ _bDocumentación- Evolución internacional/ |
||
| 260 |
_aAlemania _bInstituto de Relaciones Culturales con el exterior _c1981 |
||
| 300 |
_a127p. _c20.5x15cm |
||
| 650 |
_2Tesauro de Arte & Arquitectura _aCOLLAGE |
||
| 650 |
_2Tesauro de Arte & Arquitectura _aARTE |
||
| 650 |
_2Tesauro de Arte & Arquitectura _aALEMANIA |
||
| 942 |
_2ddc _c1 _h702.81 _iIN59c _n0 |
||
| 999 |
_c2122 _d2122 |
||